[Event "European Blitz 2015"]
[Site "Minsk BLR"]
[Date "2015.12.18"]
[Round "11.31"]
[White "Gorodetzky, David"]
[Black "Sharafiev, Azat"]
[Result "1-0"]
[WhiteTitle "FM"]
[BlackTitle "IM"]
[WhiteElo "2342"]
[BlackElo "2420"]
[WhiteFideId "2813416"]
[BlackFideId "4186214"]
[EventDate "2015.12.18"]
[EventType "swiss (blitz)"]

1. Nf3 Nf6 2. c4 e6 3. g3 d5 4. Bg2 Be7 5. O-O O-O 6. d4 b6 7. cxd5 exd5 8. Nc3
Bb7 9. Bf4 Na6 10. Rc1 c5 11. Ne5 Re8 12. Qa4 Qc8 13. Rfd1 Qe6 14. dxc5 Nxc5 15.
Qd4 Qf5 16. Nd3 Ne6 17. Qa4 Ne4 18. Be3 d4 19. Bxd4 Nxd4 20. Qxd4 Bf6 21. Qa4
Nxc3 22. bxc3 Bxg2 23. Kxg2 Rxe2 24. Nf4 Re4 25. Qc6 Rc8 26. Qb7 Rec4 27. Nd5
Bg5 28. Rb1 Qe4+ 29. Kg1 Bf6 30. Nxf6+ gxf6 31. Qxa7 Rxc3 32. Qxb6 Kg7 33. Qd4
Qf3 34. a4 R3c4 35. Qd7 R8c7 36. Qb5 Rc2 37. Rf1 Ra2 38. a5 Qa3 39. Qb6 Rcc2 40.
Rb4 h5 41. Rf4 Qc3 42. a6 Qe5 43. a7 Rc8 44. Qb7 Rg8 45. Qb6 Re8 46. h4 Re6 47.
Qb8 Qa5 48. Qb3 Qxa7 49. Qf3 Ra5 50. Rd1 Qc5 51. Kg2 Qe5 52. Rd7 Raa6 53. Qb7
Kg6 54. Rxf7 f5 55. Rh7 Qf6 56. Rd7 Rad6 57. Rxd6 Rxd6 58. Qb8 Qe5 59. Qg8+ Kh6
60. Qf8+ Kg6 61. Kh2 Rd2 62. Qg8+ Kh6 63. Qg5+ Kh7 64. Rxf5 Qd4 65. Rf7+ Kh8 66.
Qh6+ 1-0

[Event "European Blitz 2015"]
[Site "Minsk BLR"]
[Date "2015.12.18"]
[Round "11.32"]
[White "Novitzkij, Dmitrij"]
[Black "Harutjunyan, Gevorg"]
[Result "0-1"]
[WhiteTitle "IM"]
[BlackTitle "GM"]
[WhiteElo "2317"]
[BlackElo "2436"]
[WhiteFideId "13500619"]
[BlackFideId "13300873"]
[EventDate "2015.12.18"]
[EventType "swiss (blitz)"]

1. e4 c6 2. d4 d5 3. f3 dxe4 4. fxe4 e5 5. Nf3 Be6 6. Nc3 Nd7 7. d5 Bg4 8. Bc4
Ngf6 9. Bg5 Bc5 10. dxc6 bxc6 11. Qd2 h6 12. Bxf6 Qxf6 13. Rf1 Nb6 14. Bd3 Rd8
15. O-O-O Nc4 16. Qe2 Ne3 17. Na4 Nxf1 18. Nxc5 Nxh2 19. Qd2 Nxf3 20. gxf3 Qxf3
21. Rf1 Qxf1+ 22. Bxf1 Rxd2 23. Kxd2 Ke7 24. c3 h5 25. Ke3 h4 26. Bg2 h3 27. Bh1
h2 28. Kf2 Rd8 29. Kg3 Be6 30. a4 Rd2 31. b4 Bc4 32. Bg2 g6 33. a5 f5 34. exf5
gxf5 35. Bxc6 f4+ 36. Kg4 Kd6 37. Bf3 Bd5 38. Be4 Bxe4 39. Nxe4+ Kd5 40. Nxd2
h1=Q 41. c4+ Kd4 0-1

[Event "European Blitz 2015"]
[Site "Minsk BLR"]
[Date "2015.12.18"]
[Round "11.33"]
[White "Lobanov, Sergei"]
[Black "Johannessen, Leif Erlend"]
[Result "0-1"]
[BlackTitle "GM"]
[WhiteElo "2457"]
[BlackElo "2487"]
[WhiteFideId "24183750"]
[BlackFideId "1501674"]
[EventDate "2015.12.18"]
[EventType "swiss (blitz)"]

1. e4 e6 2. d4 d5 3. Nc3 Nf6 4. e5 Nfd7 5. f4 c5 6. Nf3 Nc6 7. Be3 Be7 8. Qd2
O-O 9. dxc5 Nxc5 10. Qf2 b6 11. Be2 a6 12. O-O Qc7 13. Rad1 Bb7 14. Qg3 f5 15.
exf6 Bxf6 16. Qh3 Rae8 17. f5 Bc8 18. fxe6 Bxe6 19. Qh5 Bf7 20. Bxc5 Bxh5 21.
Bxf8 Bxc3 22. bxc3 Rxf8 23. Bxa6 Bxf3 24. gxf3 Ne5 0-1

[Event "European Blitz 2015"]
[Site "Minsk BLR"]
[Date "2015.12.18"]
[Round "11.34"]
[White "Martynov, Roman"]
[Black "Sivuk, Vitaly"]
[Result "1/2-1/2"]
[BlackTitle "GM"]
[WhiteElo "2284"]
[BlackElo "2552"]
[WhiteFideId "14132044"]
[BlackFideId "14116502"]
[EventDate "2015.12.18"]
[EventType "swiss (blitz)"]

1. d4 Nf6 2. c4 e6 3. g3 d5 4. Nf3 Bb4+ 5. Bd2 Be7 6. Bg2 O-O 7. O-O c6 8. Qc2
b6 9. Rd1 Bb7 10. Bf4 Nh5 11. Bc1 f5 12. Nbd2 Nd7 13. b3 Rc8 14. Bb2 Qe8 15. e3
Nhf6 16. Ne1 Bd6 17. Ndf3 Qe7 18. Nd3 Rfd8 19. Rac1 Ne4 20. Nfe5 Bxe5 21. dxe5
c5 22. Qe2 Bc6 23. f3 Ng5 24. cxd5 Bxd5 25. h4 Nf7 26. f4 Nb8 27. Nf2 Bxg2 28.
Kxg2 Qb7+ 29. Qf3 Qxf3+ 30. Kxf3 Rxd1 31. Rxd1 Rd8 32. Rxd8+ Nxd8 33. e4 g6 34.
exf5 exf5 35. g4 Ne6 36. Nd1 fxg4+ 37. Kxg4 Nc6 38. Ne3 Kf7 39. h5 b5 40. hxg6+
hxg6 41. f5 gxf5+ 42. Kxf5 Nb4 43. a4 a6 44. axb5 axb5 45. Ke4 Ng5+ 46. Kf5 Ne6
47. Ke4 Ng5+ 48. Kf5 Ne6 49. Ke4 1/2-1/2

[Event "European Blitz 2015"]
[Site "Minsk BLR"]
[Date "2015.12.18"]
[Round "11.35"]
[White "Polivanov, Anatoliy"]
[Black "Tukhaev, Adam"]
[Result "1-0"]
[WhiteTitle "IM"]
[BlackTitle "GM"]
[WhiteElo "2426"]
[BlackElo "2564"]
[WhiteFideId "14109468"]
[BlackFideId "14109476"]
[EventDate "2015.12.18"]
[EventType "swiss (blitz)"]

1. e4 Nf6 2. e5 Nd5 3. d4 d6 4. c4 Nb6 5. f4 dxe5 6. fxe5 Nc6 7. Be3 Bf5 8. Nc3
e6 9. Nf3 Be7 10. d5 exd5 11. cxd5 Nb4 12. Nd4 Bg6 13. Bb5+ c6 14. dxc6 O-O 15.
cxb7 Rb8 16. O-O Rxb7 17. Qf3 Rc7 18. Rad1 Qc8 19. a3 Nc2 20. Nxc2 Bxc2 21. Rd2
Bg6 22. Bxb6 axb6 23. Nd5 Ra7 24. b4 Bg5 25. Rdf2 Qb8 26. Qg3 h6 27. h4 Bd8 28.
Qf4 Rxa3 29. e6 Qb7 30. Qd6 Bxh4 31. e7 Rc8 32. e8=Q+ Rxe8 33. Bxe8 Bg3 34. Ne7+
Kh7 35. Qxg6+ 1-0

[Event "European Blitz 2015"]
[Site "Minsk BLR"]
[Date "2015.12.18"]
[Round "11.36"]
[White "Faizrakhmanov, Ramil"]
[Black "Sychev, Klementy"]
[Result "0-1"]
[WhiteTitle "FM"]
[BlackTitle "IM"]
[WhiteElo "2426"]
[BlackElo "2415"]
[WhiteFideId "24103209"]
[BlackFideId "4114060"]
[EventDate "2015.12.18"]
[EventType "swiss (blitz)"]

1. c4 g6 2. Nc3 c5 3. Nf3 Bg7 4. g3 Nc6 5. Bg2 e6 6. O-O Nge7 7. d4 cxd4 8. Nb5
d5 9. cxd5 exd5 10. Nbxd4 O-O 11. b3 Nxd4 12. Nxd4 Nf5 13. Bb2 Nxd4 14. Bxd4 Be6
15. Qd2 Bxd4 16. Qxd4 Qb6 17. Rfd1 Rfd8 18. Qxb6 axb6 19. Rd4 Rac8 20. Rd2 Rd7
21. Rad1 Rcd8 22. Rd4 Kf8 23. Bf3 Ke7 24. e3 Rd6 25. a4 R8d7 26. Kg2 h5 27. R1d2
Rd8 28. h3 R8d7 29. g4 hxg4 30. hxg4 Rd8 31. g5 R8d7 32. Kg3 Rd8 33. Kf4 R8d7
34. Be2 Rc7 35. e4 Rc3 36. exd5 Bf5 37. Bc4 f6 38. Re2+ Kf7 39. Re3 Rc2 40. f3
Rh2 41. Bd3 Rh4+ 42. Kg3 Rxd4 0-1

[Event "European Blitz 2015"]
[Site "Minsk BLR"]
[Date "2015.12.18"]
[Round "11.37"]
[White "Short, Nigel D"]
[Black "Dubrovin, Robert"]
[Result "0-1"]
[WhiteTitle "GM"]
[WhiteElo "2684"]
[BlackElo "2223"]
[WhiteFideId "400025"]
[BlackFideId "4501829"]
[EventDate "2015.12.18"]
[EventType "swiss (blitz)"]

1. c4 b6 2. Nf3 Bb7 3. d4 e6 4. g3 Bb4+ 5. Bd2 Bxf3 6. exf3 Bxd2+ 7. Qxd2 d5 8.
Nc3 Ne7 9. Bg2 O-O 10. O-O dxc4 11. Rad1 c6 12. f4 Nd7 13. a4 a6 14. Rfe1 Rc8
15. Ne4 b5 16. Qb4 Nd5 17. Qd6 N7b6 18. a5 Na4 19. Qa3 Qxa5 20. Nc5 Qb4 21. Nxa6
Qxb2 22. Qd6 Nac3 23. Ra1 Ne2+ 24. Kf1 Nxd4 25. Qe5 Qc3 26. Nc5 Nc2 27. Qxc3
Nxc3 28. Rac1 Nxe1 29. Rxc3 Nxg2 30. Kxg2 Rfd8 0-1

[Event "European Blitz 2015"]
[Site "Minsk BLR"]
[Date "2015.12.18"]
[Round "11.38"]
[White "Putka, Verners"]
[Black "Demidov, Mikhail"]
[Result "0-1"]
[BlackTitle "IM"]
[WhiteElo "2307"]
[BlackElo "2485"]
[WhiteFideId "11600659"]
[BlackFideId "4197143"]
[EventDate "2015.12.18"]
[EventType "swiss (blitz)"]

1. d4 d5 2. Nc3 e6 3. Bf4 Bd6 4. e3 Ne7 5. Bd3 Ng6 6. Bg3 c5 7. Nb5 Bxg3 8. hxg3
a6 9. Nc3 Ne7 10. dxc5 Qa5 11. Qg4 Kf8 12. Nh3 e5 13. Qh5 Bxh3 14. Rxh3 d4 15.
Bc4 Ng6 16. Qf5 Qc7 17. Ne4 dxe3 18. O-O-O e2 19. Bxe2 Ne7 20. Qf3 Nec6 21. Bc4
Nd4 22. Rxd4 exd4 23. Ng5 Qe7 24. Ne6+ Kg8 25. Rh4 Nc6 26. Re4 Re8 27. Kb1 fxe6
28. Rxe6 Qxe6 29. Bxe6+ Rxe6 30. a3 g6 31. Qd5 Kf7 32. g4 Rd8 33. Qf3+ Kg7 34.
g5 Rf8 35. Qg3 Re5 36. f3 Rff5 37. Qh3 Rxc5 38. f4 Rcd5 39. Qf3 Rd7 40. g3 Rfd5
41. Qe4 d3 42. cxd3 Rd4 43. Qe6 R4d6 44. Qe4 Rxd3 45. f5 gxf5 46. Qxf5 R7d6 47.
Qc8 Rd1+ 48. Ka2 Rd7 49. Qe8 R1d5 50. Qe3 Re5 51. Qf4 Rf7 52. Qh4 Re6 53. Qc4
Rg6 54. Qc3+ Kg8 55. Qe3 Re7 56. Qf4 Re5 57. Qc4+ Kf8 58. Qb3 Rb5 59. Qf3+ Kg8
60. Qe3 Rgxg5 61. Qe8+ Kg7 62. Qd7+ Kg6 63. Qe8+ Kf6 64. Qh8+ Ke6 65. Qxh7 Kd6
66. Qh6+ Kc7 67. Qf8 Rbf5 68. Qe8 Rxg3 69. Qe4 Rfg5 70. Qf4+ Kb6 71. Qf2+ Kc7
72. Qf4+ Ne5 73. Qb4 Rg2 74. Qc5+ Nc6 75. Qe3 Re5 76. Qf4 Re2 77. Kb1 Kb6 78.
Qg3 Rb5 79. Qg1+ Ka5 80. b4+ Nxb4 81. axb4+ Rxb4+ 82. Kc1 Re5 83. Qa7 Rd5 84.
Kc2 Rc4+ 85. Kb3 Rc6 86. Qb8 Rb5+ 87. Ka3 Rc3+ 88. Ka2 Ka4 89. Qf4+ Rb4 90. Qe5
Ra3# 0-1

[Event "European Blitz 2015"]
[Site "Minsk BLR"]
[Date "2015.12.18"]
[Round "11.39"]
[White "Goganov, Aleksey"]
[Black "Naboka, Sergey"]
[Result "1-0"]
[WhiteTitle "GM"]
[BlackTitle "FM"]
[WhiteElo "2597"]
[BlackElo "2266"]
[WhiteFideId "24109959"]
[BlackFideId "14123452"]
[EventDate "2015.12.18"]
[EventType "swiss (blitz)"]

1. d4 Nf6 2. c4 e6 3. Nf3 b6 4. g3 Bb7 5. Bg2 Be7 6. Nc3 O-O 7. Qc2 d6 8. O-O
Nbd7 9. e4 c5 10. d5 exd5 11. exd5 Ng4 12. Ne4 Nde5 13. Nxe5 Nxe5 14. f4 Ng4 15.
h3 Nf6 16. Nc3 a6 17. a4 Bc8 18. Be3 Re8 19. Rae1 Bd7 20. g4 Rb8 21. Qd1 Bc8 22.
g5 Nd7 23. h4 Bf8 24. Bf2 b5 25. axb5 Nb6 26. b3 axb5 27. Nxb5 Ba6 28. Na7 Qc7
29. Nc6 Ra8 30. f5 Bb7 31. Qf3 Nd7 32. f6 g6 33. Bg3 Bxc6 34. dxc6 Ne5 35. Qd5
Rab8 36. Re3 Qc8 37. Rfe1 Qg4 38. Bxe5 dxe5 39. Rxe5 Red8 40. c7 1-0

[Event "European Blitz 2015"]
[Site "Minsk BLR"]
[Date "2015.12.18"]
[Round "11.40"]
[White "Kochetkov, German"]
[Black "Kovalev, Vladislav"]
[Result "1/2-1/2"]
[WhiteTitle "IM"]
[BlackTitle "GM"]
[WhiteElo "2338"]
[BlackElo "2546"]
[WhiteFideId "13500635"]
[BlackFideId "13504398"]
[EventDate "2015.12.18"]
[EventType "swiss (blitz)"]

1. f4 Nf6 2. Nf3 g6 3. g3 Bg7 4. Bg2 O-O 5. O-O d5 6. d3 c5 7. Nc3 d4 8. Na4
Nfd7 9. c4 Nc6 10. e4 dxe3 11. Bxe3 Qc7 12. Nxc5 Nxc5 13. Bxc5 Bxb2 14. Rb1 Bg7
15. d4 b6 16. Ba3 Bg4 17. d5 Nd4 18. Rc1 Rfe8 19. Qd3 Bxf3 20. Bxf3 Rad8 21. Bg2
e6 22. Kh1 Nf5 23. Qb3 e5 24. c5 bxc5 25. Bxc5 e4 26. Rfe1 Nd6 27. Bxd6 Qxd6 28.
Rxe4 Rxe4 29. Bxe4 Re8 30. Bg2 h5 31. h4 Re7 32. Qc4 Bb2 33. Rc2 Ba3 34. Qc6 Qb4
35. Qf6 Qe1+ 36. Kh2 Re3 37. Rc8+ Bf8 38. Qg5 Re8 39. Rxe8 Qxe8 40. Qe5 Qd8 41.
Qd4 Qb6 42. Qxb6 axb6 43. Be4 Bc5 44. f5 Kg7 45. Kg2 Kf6 46. fxg6 fxg6 47. Kf3
Bd6 48. Bd3 Bc7 49. Bb5 Bd6 50. g4 hxg4+ 51. Kxg4 Bc7 52. Be8 Bd6 1/2-1/2

[Event "European Blitz 2015"]
[Site "Minsk BLR"]
[Date "2015.12.18"]
[Round "11.41"]
[White "Savitskiy, Sergey"]
[Black "Stupak, Kirill"]
[Result "0-1"]
[WhiteTitle "FM"]
[BlackTitle "GM"]
[WhiteElo "2365"]
[BlackElo "2542"]
[WhiteFideId "24105660"]
[BlackFideId "13503758"]
[EventDate "2015.12.18"]
[EventType "swiss (blitz)"]

1. e4 e6 2. d4 d5 3. Nd2 Nc6 4. c3 e5 5. exd5 Qxd5 6. Ngf3 exd4 7. Bc4 Qf5 8.
cxd4 Be6 9. O-O O-O-O 10. Qa4 Bd6 11. Bxe6+ fxe6 12. Nc4 Nf6 13. Nce5 Bxe5 14.
dxe5 Qe4 15. Qa3 Nd5 16. Ng5 Qf5 17. Bd2 h6 18. Nf3 Nb6 19. Rac1 Rd3 20. Bc3 Nd5
21. Rfd1 Nf4 22. Rxd3 Qxd3 23. Re1 Qf5 24. Qb3 Qg4 25. g3 Qxf3 26. gxf4 Qg4+ 27.
Kf1 Rf8 28. Re4 Rd8 29. Re1 Qh3+ 30. Kg1 Ne7 31. Re3 Qf5 32. Kg2 Nd5 33. Rf3
Qg4+ 0-1

[Event "European Blitz 2015"]
[Site "Minsk BLR"]
[Date "2015.12.18"]
[Round "11.42"]
[White "Kochetkova, Julia"]
[Black "Grishchenko, Sergey1"]
[Result "0-1"]
[WhiteTitle "WGM"]
[BlackTitle "IM"]
[WhiteElo "2320"]
[BlackElo "2442"]
[WhiteFideId "4139690"]
[BlackFideId "4136730"]
[EventDate "2015.12.18"]
[EventType "swiss (blitz)"]

1. e4 c6 2. d4 d5 3. exd5 cxd5 4. c4 Nf6 5. Nc3 g6 6. Qb3 Bg7 7. cxd5 O-O 8. Be2
Nbd7 9. Bf3 Nb6 10. Nge2 Bg4 11. Bxg4 Nxg4 12. Bf4 Nf6 13. d6 exd6 14. O-O Nh5
15. Be3 d5 16. Rad1 Qd7 17. Nf4 Nxf4 18. Bxf4 Nc4 19. Be5 Bh6 20. Rfe1 Rac8 21.
h3 Rc6 22. Qb5 Rd8 23. Na4 a6 24. Qb3 Bf8 25. Re2 Re6 26. Rde1 Rde8 27. Nc3 Rb6
28. Qa4 Qxa4 29. Nxa4 Rbe6 30. Nc3 f6 31. Nxd5 fxe5 32. dxe5 Nxe5 33. Kf1 Rd6
34. Rxe5 Rxe5 35. Rxe5 Bg7 36. Re8+ Kf7 37. Re7+ Kf8 0-1

[Event "European Blitz 2015"]
[Site "Minsk BLR"]
[Date "2015.12.18"]
[Round "11.43"]
[White "Shkapenko, Pavel"]
[Black "Zisman, Philip"]
[Result "1-0"]
[WhiteTitle "IM"]
[BlackTitle "FM"]
[WhiteElo "2407"]
[BlackElo "2304"]
[WhiteFideId "4151933"]
[BlackFideId "2805197"]
[EventDate "2015.12.18"]
[EventType "swiss (blitz)"]

1. e4 c5 2. c3 Qa5 3. Nf3 Nc6 4. a3 e6 5. d4 cxd4 6. b4 Qb6 7. cxd4 d5 8. e5 Bd7
9. Nc3 Rc8 10. Na4 Qc7 11. Bb2 Nge7 12. Bd3 Ng6 13. O-O Nf4 14. Bb1 b5 15. Nc5
Bxc5 16. dxc5 a5 17. Qd2 Ng6 18. Bd3 axb4 19. axb4 Ncxe5 20. Nxe5 Nxe5 21. Be2
Bc6 22. Qd4 f6 23. Bh5+ g6 24. Be2 O-O 25. Ra6 Nc4 26. Bxc4 dxc4 27. Rfa1 e5 28.
Qg4 f5 29. Qe2 Rfe8 30. Ra7 Qd8 31. Bxe5 Qd5 32. f4 Rxe5 33. fxe5 Re8 34. e6
Rxe6 35. Qb2 Qe5 36. Qxe5 Rxe5 37. Rc7 Be4 38. Rd7 c3 39. Rc1 c2 40. Rd2 Kf7 41.
Kf2 Ke6 42. Rdxc2 Bxc2 43. Rxc2 Kd7 44. Rd2+ Kc6 45. Rd6+ Kc7 46. Rb6 Rd5 47.
Rxb5 Rd2+ 48. Kf3 g5 49. h3 h5 50. c6 g4+ 51. hxg4 fxg4+ 52. Kg3 Rd3+ 53. Kh4
Rd2 54. Rxh5 Kxc6 55. g3 Rd4 56. Rc5+ Kb6 57. Rg5 Rxb4 58. Rxg4 Rb1 59. Rf4 Kc6
60. Kg5 Kd5 61. g4 Rg1 62. Kf6 Rg2 63. g5 Kd6 64. g6 Kd7 65. Kf7 Ra2 66. g7 Ra7
67. g8=Q 1-0

[Event "European Blitz 2015"]
[Site "Minsk BLR"]
[Date "2015.12.18"]
[Round "11.44"]
[White "Olhovik, Andrei"]
[Black "Kuzin, Anton"]
[Result "1/2-1/2"]
[BlackTitle "IM"]
[WhiteElo "2308"]
[BlackElo "2409"]
[WhiteFideId "13507397"]
[BlackFideId "4148410"]
[EventDate "2015.12.18"]
[EventType "swiss (blitz)"]

1. d4 f5 2. g3 Nf6 3. Bg2 e6 4. Nf3 d5 5. O-O Be7 6. Nbd2 O-O 7. c4 c6 8. Qc2
Bd7 9. Ne5 Be8 10. Nd3 Nbd7 11. Nf3 Ne4 12. Nfe5 Nxe5 13. Nxe5 Bf6 14. Be3 Bh5
15. f3 Nd6 16. c5 Nf7 17. f4 g5 18. Bf3 Bxf3 19. exf3 Bxe5 20. fxe5 Nh8 21. f4
g4 22. b4 a6 23. a4 Ng6 24. Rfb1 h5 25. b5 axb5 26. axb5 Rxa1 27. Rxa1 h4 28.
Qa4 Ne7 29. Qa7 Qd7 30. bxc6 Nxc6 31. Qb6 Rf7 32. gxh4 Kg7 33. Bf2 Kg6 34. Ra8
Re7 35. Qb3 Kh5 36. Rh8+ Rh7 37. Rg8 Rg7 38. Ra8 Ne7 39. Bg3 Ng6 40. Qb6 Re7 41.
Qd8 Qb5 42. Qg8 Qb1+ 43. Kg2 Qb2+ 44. Kf1 Qc1+ 45. Ke2 Qc2+ 46. Ke1 Qe4+ 47. Kf1
Qf3+ 48. Ke1 Qe3+ 49. Kf1 Qxd4 50. Re8 Qc4+ 51. Kg2 Qc2+ 52. Kf1 Qb1+ 53. Kg2
Qc2+ 54. Kh1 Qe4+ 55. Kg1 Qe3+ 56. Kg2 Qf3+ 57. Kg1 Qd1+ 58. Kg2 Qc2+ 59. Kh1
Qxc5 1/2-1/2

[Event "European Blitz 2015"]
[Site "Minsk BLR"]
[Date "2015.12.18"]
[Round "11.45"]
[White "Lojko, Alexej"]
[Black "Shukh, Nikolai"]
[Result "1/2-1/2"]
[BlackTitle "IM"]
[WhiteElo "2214"]
[BlackElo "2435"]
[WhiteFideId "24146200"]
[BlackFideId "24102580"]
[EventDate "2015.12.18"]
[EventType "swiss (blitz)"]

1. d4 Nf6 2. c4 g6 3. Nc3 d5 4. Nf3 Bg7 5. Qb3 dxc4 6. Qxc4 O-O 7. e4 Nfd7 8.
Be3 Nc6 9. Rd1 Nb6 10. Qb3 Bg4 11. d5 Bxf3 12. gxf3 Ne5 13. Be2 Qc8 14. Rg1 c6
15. Rg3 cxd5 16. Bxb6 axb6 17. Nxd5 Qe6 18. f4 Nc6 19. Nxb6 Qxb3 20. Rxb3 Rxa2
21. Nd7 Rd8 22. Rxb7 Bxb2 23. Bb5 Nd4 24. Bc4 Bc3+ 25. Kf1 Ra4 26. Bb3 Ra3 27.
Bc4 Raa8 28. Ne5 Ne6 29. Rxd8+ Nxd8 30. Rxe7 Kf8 31. Rd7 Bxe5 32. fxe5 Rc8 33.
Bd5 Rb8 34. Ra7 Kg8 35. Kg2 Kf8 36. Kg3 h5 37. Kf4 Rb2 38. Kg3 Rc2 39. h3 Rc3+
40. f3 Rc1 41. Kf4 Rg1 42. Ra8 Ke7 43. Ra7+ Ke8 44. h4 Rg2 45. Ra8 Ke7 46. Ra7+
Ke8 47. Rc7 Rg1 48. Ra7 Kf8 49. Ra8 Ke7 50. Ra7+ Ke8 51. Rc7 Rg2 52. Rc8 Kd7 53.
Ra8 Ne6+ 54. Bxe6+ Kxe6 55. Ra6+ Ke7 56. Ra7+ Ke6 57. Ra6+ Ke7 58. Ra7+ Ke8 59.
Rb7 Rg1 60. Ra7 1/2-1/2

[Event "European Blitz 2015"]
[Site "Minsk BLR"]
[Date "2015.12.18"]
[Round "11.46"]
[White "Sysolyatin, Evgeny"]
[Black "Reprintsev, Alexander"]
[Result "0-1"]
[WhiteTitle "FM"]
[BlackTitle "IM"]
[WhiteElo "2289"]
[BlackElo "2321"]
[WhiteFideId "4154916"]
[BlackFideId "14100541"]
[EventDate "2015.12.18"]
[EventType "swiss (blitz)"]

1. e4 d5 2. exd5 Qxd5 3. Nc3 Qa5 4. d4 Nf6 5. Nf3 Nc6 6. Bb5 Ne4 7. Bd2 Nxc3 8.
Bxc6+ bxc6 9. Bxc3 Qd5 10. h3 Ba6 11. Qd2 e6 12. b3 Ba3 13. Bb4 Qe4+ 14. Kd1
Bxb4 15. Qxb4 Be2+ 16. Kc1 Bxf3 17. gxf3 Qxf3 18. Kb2 a5 19. Qa3 Qxf2 20. Rad1
Qf6 21. Qc5 Ra6 22. Rhe1 Qe7 23. Qc4 Rb6 24. Qa4 Qb4 25. Qa3 O-O 26. c3 Qd6 27.
Re5 Qxa3+ 28. Kxa3 Rb5 29. Rc5 Rxc5 30. dxc5 f5 31. b4 axb4+ 32. cxb4 f4 33. Kb3
g5 34. Kc4 Kg7 35. Re1 Kf6 36. Kd4 Ra8 37. Re2 Ra4 38. Rb2 Kf5 39. Kc4 h5 40.
Kb3 Ra8 41. a4 g4 0-1

[Event "European Blitz 2015"]
[Site "Minsk BLR"]
[Date "2015.12.18"]
[Round "11.47"]
[White "Kanter, Eduard"]
[Black "Potapov, Alexey"]
[Result "0-1"]
[WhiteTitle "IM"]
[BlackTitle "IM"]
[WhiteElo "2353"]
[BlackElo "2389"]
[WhiteFideId "4103963"]
[BlackFideId "4182138"]
[EventDate "2015.12.18"]
[EventType "swiss (blitz)"]

1. d4 Nf6 2. c4 g6 3. Nc3 Bg7 4. e4 d6 5. Nf3 O-O 6. Be2 Bg4 7. Be3 Nfd7 8. Rc1
c5 9. d5 Na6 10. Ng5 Bxe2 11. Qxe2 Nc7 12. h4 e6 13. h5 exd5 14. cxd5 h6 15. Nf3
g5 16. O-O f5 17. exf5 Rxf5 18. Nh2 Qf8 19. Ng4 Nf6 20. Rcd1 Nfxd5 21. Nxd5 Nxd5
22. Qc4 Qf7 23. Bc1 Rd8 24. Rfe1 Nf4 25. Qa4 Nxh5 26. Qxa7 Nf4 27. Qb6 Qd7 28.
Ne3 Rff8 29. Nd5 Nxd5 30. Rxd5 Qc6 31. Qb3 Kh8 32. Red1 Be5 33. Qh3 Kg7 34. Qh5
Qe8 35. Qg4 Qf7 36. R5d2 Qf5 37. Qe2 Qf7 38. Rd5 Rde8 39. Qc2 Qf5 40. Qd2 Rf7
41. Qe1 Bh2+ 42. Kxh2 Rxe1 43. Rxf5 Rxd1 44. Rxf7+ Kxf7 45. Be3 Ke6 46. Kg3 Kf5
47. Kf3 b6 48. Ke2 Rb1 49. b3 Rb2+ 50. Kd3 d5 51. f3 Rxa2 52. g4+ Ke5 53. Bd2 b5
54. Bc3+ d4 55. Bd2 Kd5 56. Be1 c4+ 0-1

[Event "European Blitz 2015"]
[Site "Minsk BLR"]
[Date "2015.12.18"]
[Round "11.48"]
[White "Mochalov, Evgeny V"]
[Black "Antonov, Alexandr2"]
[Result "0-1"]
[WhiteTitle "IM"]
[WhiteElo "2381"]
[BlackElo "2098"]
[WhiteFideId "13500074"]
[BlackFideId "24124079"]
[EventDate "2015.12.18"]
[EventType "swiss (blitz)"]

1. d4 d5 2. c4 dxc4 3. e3 e6 4. Bxc4 a6 5. Nf3 Nf6 6. O-O b5 7. Bd3 Bb7 8. a4 b4
9. Nbd2 c5 10. a5 Nbd7 11. b3 Be7 12. Bb2 O-O 13. Nc4 cxd4 14. exd4 Nd5 15. Re1
N7f6 16. Nfe5 Nf4 17. Bf1 Ng6 18. Nb6 Rb8 19. Rc1 Nxe5 20. dxe5 Nd5 21. Nxd5
Bxd5 22. Ra1 Qc8 23. Qd3 Ra8 24. Rec1 Qb7 25. f3 Rfd8 26. Qe3 Rac8 27. Qb6 Qxb6+
28. axb6 Bc5+ 29. Kh1 Bxb6 30. Rxa6 Rxc1 31. Bxc1 Bd4 32. Bg5 Rc8 33. Ra4 h6 34.
Bf4 g5 35. Bd2 Rc2 36. Rxb4 Rxd2 37. h4 Rd1 38. hxg5 hxg5 39. Kh2 Bxe5+ 40. Kh3
Rxf1 41. Kg4 Bf6 42. Rb5 Kg7 43. Rb8 Rb1 44. b4 Be7 45. Kh3 Rxb4 0-1

[Event "European Blitz 2015"]
[Site "Minsk BLR"]
[Date "2015.12.18"]
[Round "11.49"]
[White "Triapishko, Olexandr"]
[Black "Molchanova, Tatjana"]
[Result "1-0"]
[BlackTitle "WGM"]
[WhiteElo "2471"]
[BlackElo "2245"]
[WhiteFideId "14122286"]
[BlackFideId "4132203"]
[EventDate "2015.12.18"]
[EventType "swiss (blitz)"]

1. b3 d5 2. Bb2 c6 3. Nf3 Bf5 4. g3 e6 5. Bg2 h6 6. O-O Nf6 7. d3 Be7 8. c4 O-O
9. Nbd2 Nbd7 10. a3 Re8 11. b4 Bf8 12. Re1 e5 13. e4 dxe4 14. dxe4 Bh7 15. Nh4
Qc7 16. Nf5 Rad8 17. Qc2 Nb6 18. Rad1 Nc8 19. c5 b6 20. Nb3 bxc5 21. Nxc5 Nd6
22. Nxd6 Rxd6 23. Rxd6 Bxd6 24. Rd1 Bxc5 25. bxc5 Nd7 26. f3 f6 27. Bh3 Nf8 28.
Qc4+ Kh8 29. Bc1 Bg8 30. Qc2 Be6 31. Bf1 Rb8 32. Rd3 Bg8 33. Be3 Qa5 34. Qc3
Qxc3 35. Rxc3 Rb1 36. Kf2 Rb3 37. Rxb3 Bxb3 38. f4 exf4 39. gxf4 Kg8 40. f5 Kf7
41. Ba6 Nd7 42. Bd4 Ke7 43. Ke3 Ba4 44. Be2 Bb5 45. Bd1 Ne5 46. a4 Ba6 47. h3
Kd7 48. h4 Ke7 49. Kf4 Nd3+ 50. Ke3 Ne5 51. Bc3 Kd7 52. Bb3 Ke7 53. Be6 Bb7 54.
Ba5 Ba6 55. Bc7 Nc4+ 56. Kd4 Nd2 57. Bd6+ Ke8 58. Bg3 Nf3+ 59. Ke3 Ne5 60. Be1
Ke7 61. Ba5 Nd7 62. Kd4 Ne5 63. Bc7 Nf3+ 64. Ke3 Nxh4 65. Bd6+ Ke8 66. Kf2 g5
67. e5 fxe5 68. f6 Ng6 69. f7+ Kd8 70. Bf5 Bc4 71. Bxg6 Bxf7 72. Bxf7 1-0

[Event "European Blitz 2015"]
[Site "Minsk BLR"]
[Date "2015.12.18"]
[Round "12.2"]
[White "Grachev, Boris"]
[Black "Bortnyk, Olexandr"]
[Result "1/2-1/2"]
[WhiteTitle "GM"]
[BlackTitle "GM"]
[WhiteElo "2652"]
[BlackElo "2552"]
[WhiteFideId "4129199"]
[BlackFideId "14120828"]
[EventDate "2015.12.18"]
[EventType "swiss (blitz)"]

1. d4 d6 2. Nf3 Nf6 3. Bf4 g6 4. h3 Bg7 5. e3 O-O 6. Be2 Nbd7 7. Bh2 b6 8. O-O
Bb7 9. c3 Qe8 10. a4 a6 11. c4 e5 12. Nc3 Rd8 13. a5 Qe7 14. Re1 Rfe8 15. axb6
Nxb6 16. b3 exd4 17. exd4 Ne4 18. Rc1 Nxc3 19. Rxc3 c5 20. Re3 Qf6 21. Rxe8+
Rxe8 22. dxc5 dxc5 23. Bf1 Rd8 24. Qe2 Bxf3 25. Qxf3 Qxf3 26. gxf3 Nd7 27. Rd1
Bd4 28. Re1 Nf8 29. Re7 Ne6 30. Rb7 Bc3 31. h4 Rd1 32. Kg2 Rd2 33. Bg3 h5 34.
Rb6 a5 35. Rb7 Rb2 36. Kg1 Kg7 37. Bh3 Nf8 38. Bd6 a4 39. Rb8 Ne6 40. Bxe6 fxe6
41. bxa4 Ra2 42. Rb7+ Kf6 43. Be7+ Ke5 44. Bxc5 Rxa4 45. Be3 Rxc4 46. Rb5+ Kd6
47. Bg5 Bd4 48. Bf4+ Kc6 49. Rb1 Bxf2+ 50. Kxf2 Rxf4 51. Rg1 Rxh4 52. Rxg6 Kd5
53. Ke3 Rh1 54. Rg5+ Kd6 55. Kf2 h4 56. Rh5 h3 57. Kg3 e5 1/2-1/2